00653nam a2200181Ia 4500008004000000020001800040082001500058100001600073245005500089260003800144300000800182650004800190690002200238700002000260906001100280999001900291952016100310210210b1996 xxu||||| |||| 00| 0 eng d a0 333 54906 6 a820.9 PECS aPECK (John) aSons and lovers New casebooks ed by Rick Rylance. aLondonbMacmillan Press Ltdc1996 a213 aSons Lovers Critical Essays New Case Books aEnglish Criticism aCOYLE (Martin). a056041 c103693d103693 001040708EnglishaALbALcEnglish Literatured2021-02-17eSita Book House, Mangalore.g310.00l0o820.9 PECSp056041r2021-02-17 00:00:00w2021-02-17yBK